000 00845cam a2200253 a 4500
001 000018078
005 20200929165338.0
008 750623s1975 onc 000 1 eng d
020 _a0771015860
040 _aDO-SdBNP
_cDLC
_dDLC
_dBNPHU
041 1 7 _aeng
_hfre
_2Código de idioma MARC
082 _a828.99343
_bB742f
100 1 _aBosco, Monique,
_939179
240 1 3 _aLa Femme de Loth.
_lEnglish.
245 1 0 _aLot's wife /
_cMonique Bosco ; translated from the French by John Glassco.
260 _aToronto :
_bMcClelland and Stewart,
_c1975.
300 _a149, [150-151] p. ;
_c22 cm.
534 _pTranslation of french:
_tLa femme de Loth.
_c1970
650 4 _aNovela australiana
_913045
650 4 _aLiteratura australiana
_911480
700 1 _aGlassco, John,
_etr.
_939180
910 _aCatalogación derivada / LC
049 _aBNGR
999 _c17600
_d17600